Statystyki dla Reprezentacje które nie mają własnego państwa

Kliknij tutaj aby rozwiązać quiz!

Ogólne statystyki

  • Ten quiz został rozwiązany 43 razy
  • Średni wynik to 9 z 24

Statystyki odpowiedzi

Ranking FIFAWartośćReprezentacja% Poprawnych
41,21 mld €Anglia
90%
35182,38 mln €Walia
88%
30243,40 mln €Szkocja
86%
6432,20 mln €Irlandia Północna
81%
1293,10 mln €Wyspy Owcze
64%
1981,84 mln €Gibraltar
55%
964,00 mln €Palestyna
45%
8813,38 mln €Curacao
38%
1631,33 mln €Portoryko
36%
206Nie wiadomoBrytyjskie Wyspy Dziewicze
33%
1532,23 mln €Chińskie Taipei
31%
1494,88 mln €Hongkong
29%
199335 tyś €Aruba
26%
203125 tyś €Guam
24%
207Nie wiadomoAnguilla
21%
173275 tyś €Bermudy
21%
18275 tyś €Makau
21%
161350 tyś €Nowa Kaledonia
19%
205125 tyś €Wyspy Dziewicze Stanów Zjednoczonych
19%
19320 tyś €Kajmany
17%
1621,25 mln €Tahiti
14%
202125 tyś €Turks i Caicos
12%
188900 tyś €Wyspy Cooka
12%
179275 tyś €Montserrat
10%

Rozkład punktacji

Percentyl według liczby udzielonych odpowiedzi

Procent ludzi z każdym wynikiem

Twoja historia wyników

Nie rozwiązałeś tego quizu